4 Most Famous Cities in Antigua and Barbuda on a Map - Statistics

General Stats
  • This quiz has been taken 96 times
  • The average score is 2 of 4
Answers on the Map
Answers color-coded by a green-red scale on the quiz's map according to % correct below.
 
Answer Stats
Wiki Monthly Views Cityquiz Mention Rate Population Answers % Correct
13.08 K 14.34% 22.22 K St. John's
100%
0.45 K 0.25% 3.90 K All Saints
43%
1.71 K 0.39% 0.91 K Codrington
43%
1.03 K 0.17% 0.78 K English Harbour
40%
No matching quizzes found
Score Distribution
Percent of People with Each Score
Percentile by Number Answered
Your Score History
You have not taken this quiz